00684nam a2200157 a 450000100100000000500170001000800410002704000250006808200150009324501320010826000570024030000210029704900090031895201820032799900170050900003281220200930065840.0110726s1920 dr 000 0 spa d aDO-SdBNPbspacBNPHU axxxxbI43f00aInforme final de la comisión dominicana de reclamaciones de 1917 presentado al honorable gobernador militar de Santo Domingo. aSanto Domingo :bImp. de J. R. Vda. García,c1920. a568 p. ;c24 cm. aBNPD 001050718MAaPDbPDcCTd2011-07-26iLF1l0oxxxx I43fp32812-10r2020-06-25w2020-06-25y1zPerteneció a la biblioteca personal de Carlos Larrazábal BlancoZNo se presta c32303d32303